[Event "DVM U16w 2023"]
[Site "Magdeburg GER"]
[Date "2023.12.28"]
[Round "3"]
[White "Petrosyan, Ani"]
[Black "Chennupati, Lasya"]
[Result "1-0"]
[Termination "normal"]
[Board "7.2"]
[WhiteElo "1493"]
[BlackElo "1090"]
[WhiteClock "01:18:52"]
[BlackClock "00:52:12"]
[WhiteTeam "TuRa Harksheide 1945 Norderstedt"]
[BlackTeam "SC Garching 1980 2"]
[PlyCount "99"]
[WhiteFideId "16248015"]
[BlackFideId "34646728"]
[EventCountry "GER"]
[EventRounds "7"]
[EventType "team-swiss"]
[EventDate "2023.12.26"]

1. c4 {[%clk 01:30:53]} {[%emt 00:00:07]} c6 {[%clk 01:29:37]} {[%emt
00:01:24]} 2. d4 {[%clk 01:30:14]} {[%emt 00:01:10]} d5 {[%clk 01:29:55]}
{[%emt 00:00:11]} 3. Nc3 {[%clk 01:30:22]} {[%emt 00:00:22]} Nf6 {[%clk
01:29:20]} {[%emt 00:01:05]} 4. Bf4 {[%clk 01:30:37]} {[%emt 00:00:14]} a6
{[%clk 01:29:28]} {[%emt 00:00:22]} 5. e3 {[%clk 01:30:42]} {[%emt 00:00:24]}
b5 {[%clk 01:29:38]} {[%emt 00:00:20]} 6. cxd5 {[%clk 01:30:22]} {[%emt
00:00:51]} cxd5 {[%clk 01:29:47]} {[%emt 00:00:19]} 7. Nf3 {[%clk 01:30:08]}
{[%emt 00:00:46]} Bb7 {[%clk 01:28:23]} {[%emt 00:01:54]} 8. Rc1 {[%clk
01:30:17]} {[%emt 00:00:20]} e6 {[%clk 01:28:21]} {[%emt 00:00:33]} 9. a3
{[%clk 01:30:13]} {[%emt 00:00:34]} Bd6 {[%clk 01:28:20]} {[%emt 00:00:31]} 10.
Bxd6 {[%clk 01:30:15]} {[%emt 00:00:29]} Qxd6 {[%clk 01:28:17]} {[%emt
00:00:30]} 11. Bd3 {[%clk 01:30:26]} {[%emt 00:00:20]} Nbd7 {[%clk 01:28:09]}
{[%emt 00:00:39]} 12. O-O {[%clk 01:30:30]} {[%emt 00:00:25]} O-O {[%clk
01:28:21]} {[%emt 00:00:18]} 13. b4 {[%clk 01:30:38]} {[%emt 00:00:22]} Rac8
{[%clk 01:27:59]} {[%emt 00:00:52]} 14. Qb3 {[%clk 01:30:43]} {[%emt 00:00:26]}
Rc7 {[%clk 01:25:58]} {[%emt 00:02:31]} 15. Rc2 {[%clk 01:29:46]} {[%emt
00:01:28]} Rfc8 {[%clk 01:25:56]} {[%emt 00:00:31]} 16. a4 {[%clk 01:28:28]}
{[%emt 00:01:49]} Ne4 {[%clk 01:20:42]} {[%emt 00:05:43]} 17. Rfc1 {[%clk
01:25:03]} {[%emt 00:03:55]} bxa4 {[%clk 01:17:41]} {[%emt 00:03:30]} 18. Nxa4
{[%clk 01:24:58]} {[%emt 00:00:36]} Rxc2 {[%clk 01:15:29]} {[%emt 00:02:41]}
19. Rxc2 {[%clk 01:25:19]} {[%emt 00:00:10]} Rxc2 {[%clk 01:13:05]} {[%emt
00:02:54]} 20. Bxc2 {[%clk 01:25:37]} {[%emt 00:00:12]} Qc7 {[%clk 01:10:02]}
{[%emt 00:03:32]} 21. Nc5 {[%clk 01:25:15]} {[%emt 00:00:52]} Ndxc5 {[%clk
01:08:02]} {[%emt 00:02:29]} 22. bxc5 {[%clk 01:25:30]} {[%emt 00:00:16]} Bc6
{[%clk 01:06:58]} {[%emt 00:01:33]} 23. Bd3 {[%clk 01:25:34]} {[%emt 00:00:26]}
Qb7 {[%clk 01:07:16]} {[%emt 00:00:11]} 24. Qa2 {[%clk 01:24:45]} {[%emt
00:01:21]} Bb5 {[%clk 01:07:15]} {[%emt 00:00:30]} 25. Qa5 {[%clk 01:22:13]}
{[%emt 00:03:03]} f6 {[%clk 01:03:45]} {[%emt 00:03:59]} 26. Bxe4 {[%clk
01:15:15]} {[%emt 00:07:28]} dxe4 {[%clk 01:00:52]} {[%emt 00:03:22]} 27. Nd2
{[%clk 01:15:08]} {[%emt 00:00:39]} Bc4 {[%clk 00:57:20]} {[%emt 00:04:00]} 28.
Qb6 {[%clk 01:12:37]} {[%emt 00:03:02]} Qxb6 {[%clk 00:56:16]} {[%emt
00:01:34]} 29. cxb6 {[%clk 01:13:01]} {[%emt 00:00:07]} Bd5 {[%clk 00:56:43]}
{[%emt 00:00:03]} 30. Nc4 {[%clk 01:13:10]} {[%emt 00:00:21]} Kf8 {[%clk
00:52:48]} {[%emt 00:04:27]} 31. Na5 {[%clk 01:13:22]} {[%emt 00:00:16]} Ke8
{[%clk 00:52:29]} {[%emt 00:00:49]} 32. b7 {[%clk 01:13:46]} {[%emt 00:00:07]}
Bxb7 {[%clk 00:52:53]} {[%emt 00:00:04]} 33. Nxb7 {[%clk 01:14:12]} {[%emt
00:00:04]} Ke7 {[%clk 00:52:47]} 34. Nc5 {[%emt 00:00:44]} a5 {[%clk 00:53:05]}
{[%emt 00:00:09]} 35. Nxe4 {[%clk 01:15:01]} {[%emt 00:00:06]} Kd7 {[%clk
00:52:41]} {[%emt 00:00:54]} 36. Nc5+ {[%clk 01:15:20]} {[%emt 00:00:12]} Kc6
{[%clk 00:52:36]} {[%emt 00:00:35]} 37. Kf1 {[%clk 01:15:38]} {[%emt 00:00:10]}
Kb5 {[%clk 00:52:39]} {[%emt 00:00:28]} 38. Ke2 {[%clk 01:16:01]} {[%emt
00:00:08]} a4 {[%clk 00:52:34]} {[%emt 00:00:35]} 39. Kd2 {[%clk 01:16:06]}
{[%emt 00:00:24]} Kb4 {[%clk 00:52:28]} {[%emt 00:00:36]} 40. Kc2 {[%clk
01:16:19]} {[%emt 00:00:18]} e5 {[%clk 00:51:03]} {[%emt 00:01:55]} 41. Nxa4
{[%clk 01:15:37]} {[%emt 00:01:13]} Kxa4 {[%clk 00:51:27]} {[%emt 00:00:05]}
42. dxe5 {[%clk 01:16:01]} {[%emt 00:00:05]} fxe5 {[%clk 00:51:18]} {[%emt
00:00:38]} 43. Kd3 {[%clk 01:16:26]} {[%emt 00:00:07]} Kb5 {[%emt 00:00:20]}
44. Ke4 {[%clk 01:16:51]} {[%emt 00:00:05]} Kc6 {[%clk 00:51:48]} {[%emt
00:00:10]} 45. Kxe5 {[%clk 01:17:16]} {[%emt 00:00:04]} Kd7 {[%clk 00:52:16]}
{[%emt 00:00:03]} 46. Kd5 {[%clk 01:17:35]} {[%emt 00:00:10]} Ke7 {[%clk
00:52:37]} {[%emt 00:00:09]} 47. f4 {[%emt 00:00:17]} h6 {[%clk 00:52:11]}
{[%emt 00:00:48]} 48. e4 {[%clk 01:18:22]} {[%emt 00:00:04]} g6 {[%clk
00:52:06]} {[%emt 00:00:35]} 49. g4 {[%clk 01:18:30]} {[%emt 00:00:21]} g5
{[%clk 00:52:12]} {[%emt 00:00:24]} 50. f5 {[%clk 01:18:52]} {[%emt 00:00:09]}
1-0

[Event "DVM U16w 2023"]
[Site "Magdeburg GER"]
[Date "2023.12.28"]
[Round "3"]
[White "Prokscha, Marlene"]
[Black "Chen, Michelle"]
[Result "1/2-1/2"]
[Termination "normal"]
[Board "7.3"]
[WhiteElo "1052"]
[BlackElo "1011"]
[WhiteClock "01:06:35"]
[BlackClock "00:22:52"]
[WhiteTeam "SC Garching 1980 2"]
[BlackTeam "TuRa Harksheide 1945 Norderstedt"]
[PlyCount "96"]
[WhiteFideId "34631291"]
[BlackFideId "16275403"]
[EventCountry "GER"]
[EventRounds "7"]
[EventType "team-swiss"]
[EventDate "2023.12.26"]

1. e4 {[%clk 01:30:59]} {[%emt 00:00:01]} e5 {[%clk 01:30:53]} {[%emt
00:00:07]} 2. Nf3 {[%clk 01:28:21]} {[%emt 00:03:08]} Nc6 {[%clk 01:30:59]}
{[%emt 00:00:24]} 3. Bc4 {[%clk 01:28:32]} {[%emt 00:00:19]} Nf6 {[%clk
01:31:02]} {[%emt 00:00:27]} 4. d3 {[%clk 01:28:16]} {[%emt 00:00:47]} h6
{[%clk 01:31:00]} {[%emt 00:00:32]} 5. Nc3 {[%clk 01:27:38]} {[%emt 00:01:09]}
Bc5 {[%clk 01:30:41]} {[%emt 00:00:47]} 6. Be3 {[%clk 01:27:45]} {[%emt
00:00:23]} Bb6 {[%clk 01:30:12]} {[%emt 00:00:59]} 7. O-O {[%clk 01:27:28]}
{[%emt 00:00:48]} O-O {[%clk 01:30:29]} {[%emt 00:00:12]} 8. Bxb6 {[%clk
01:25:59]} {[%emt 00:01:59]} axb6 {[%clk 01:30:46]} {[%emt 00:00:14]} 9. Re1
{[%clk 01:26:03]} {[%emt 00:00:26]} d6 {[%clk 01:17:37]} {[%emt 00:13:38]} 10.
h3 {[%clk 01:25:50]} {[%emt 00:00:43]} Na5 {[%clk 01:15:41]} {[%emt 00:02:24]}
11. Bb3 {[%clk 01:23:17]} {[%emt 00:03:04]} Nxb3 {[%clk 01:15:44]} {[%emt
00:00:27]} 12. axb3 {[%clk 01:23:23]} {[%emt 00:00:25]} Rxa1 {[%clk 01:15:28]}
{[%emt 00:00:47]} 13. Qxa1 {[%clk 01:20:51]} {[%emt 00:03:01]} Be6 {[%clk
01:13:04]} {[%emt 00:02:54]} 14. Qd1 {[%clk 01:15:21]} {[%emt 00:06:00]} c5
{[%clk 01:02:42]} {[%emt 00:10:51]} 15. Nb5 {[%clk 01:10:04]} {[%emt 00:05:48]}
Bd7 {[%clk 00:50:10]} {[%emt 00:13:02]} 16. Na3 {[%clk 01:05:18]} {[%emt
00:05:17]} Nh5 {[%clk 00:43:28]} {[%emt 00:07:11]} 17. Nxe5 {[%clk 01:00:33]}
{[%emt 00:05:15]} dxe5 {[%clk 00:40:11]} {[%emt 00:03:47]} 18. Qxh5 {[%clk
01:00:05]} {[%emt 00:00:58]} Qf6 {[%clk 00:39:28]} {[%emt 00:01:13]} 19. Nc4
{[%clk 00:59:10]} {[%emt 00:01:25]} Re8 {[%clk 00:38:16]} {[%emt 00:01:42]} 20.
Re3 {[%clk 00:56:01]} {[%emt 00:03:40]} Re7 {[%clk 00:34:19]} {[%emt 00:04:25]}
21. Rf3 {[%clk 00:53:42]} {[%emt 00:02:44]} Qe6 {[%clk 00:33:27]} {[%emt
00:01:28]} 22. Rf5 {[%clk 00:50:51]} {[%emt 00:03:22]} g6 {[%clk 00:28:45]}
{[%emt 00:05:11]} 23. Qg4 {[%clk 00:50:13]} {[%emt 00:01:08]} Kh7 {[%clk
00:27:47]} {[%emt 00:01:28]} 24. Rf3 {[%clk 00:48:43]} {[%emt 00:02:00]} Qxg4
{[%clk 00:24:19]} {[%emt 00:03:59]} 25. hxg4 {[%clk 00:48:43]} {[%emt
00:00:30]} Bxg4 {[%clk 00:24:46]} {[%emt 00:00:03]} 26. Rg3 {[%clk 00:48:45]}
{[%emt 00:00:27]} b5 {[%clk 00:24:30]} {[%emt 00:00:47]} 27. Ne3 {[%clk
00:48:20]} {[%emt 00:00:54]} Be6 {[%clk 00:22:50]} {[%emt 00:02:06]} 28. c4
{[%clk 00:47:32]} {[%emt 00:01:22]} bxc4 {[%clk 00:20:14]} {[%emt 00:03:08]}
29. bxc4 {[%clk 00:45:28]} {[%emt 00:02:32]} b5 {[%clk 00:14:24]} {[%emt
00:06:20]} 30. b3 {[%clk 00:44:01]} {[%emt 00:01:57]} bxc4 {[%clk 00:13:36]}
{[%emt 00:01:18]} 31. bxc4 {[%clk 00:44:15]} {[%emt 00:00:15]} Rd7 {[%clk
00:12:37]} {[%emt 00:01:28]} 32. Nd5 {[%clk 00:43:11]} {[%emt 00:01:36]} Bxd5
{[%clk 00:11:32]} {[%emt 00:01:34]} 33. exd5 {[%clk 00:43:12]} {[%emt
00:00:31]} Kg7 {[%clk 00:11:05]} {[%emt 00:00:56]} 34. Rf3 {[%clk 00:42:39]}
{[%emt 00:01:03]} Re7 {[%clk 00:10:19]} {[%emt 00:01:16]} 35. Re3 {[%clk
00:42:43]} {[%emt 00:00:25]} g5 {[%clk 00:07:43]} {[%emt 00:03:07]} 36. g3
{[%clk 00:41:58]} {[%emt 00:01:16]} g4 {[%clk 00:03:35]} {[%emt 00:04:38]} 37.
Re4 {[%clk 00:38:34]} {[%emt 00:03:54]} f5 {[%clk 00:01:46]} {[%emt 00:02:18]}
38. Re3 {[%clk 00:38:14]} {[%emt 00:00:48]} Kf6 {[%clk 00:00:55]} {[%emt
00:01:23]} 39. f4 {[%clk 00:37:54]} {[%emt 00:00:50]} exf4 {[%clk 00:00:46]}
{[%emt 00:00:38]} 40. Rxe7 {[%clk 00:37:42]} {[%emt 00:00:42]} Kxe7 {[%clk
00:01:15]} {[%emt 00:00:01]} 41. gxf4 {[%clk 00:37:55]} {[%emt 00:00:17]} Kd6
{[%clk 00:01:07]} {[%emt 00:00:38]} 42. Kg2 {[%clk 00:37:28]} {[%emt 00:00:57]}
h5 {[%clk 00:26:40]} {[%emt 00:04:57]} 43. Kg3 {[%emt 00:00:41]} Kd7 {[%clk
00:26:53]} {[%emt 00:00:11]} 44. Kh4 {[%clk 01:07:26]} {[%emt 00:00:28]} Kd6
{[%clk 00:26:52]} {[%emt 00:00:30]} 45. Kg3 {[%clk 01:07:21]} {[%emt 00:00:35]}
Kd7 {[%clk 00:26:54]} {[%emt 00:00:28]} 46. Kh2 {[%clk 01:06:46]} {[%emt
00:01:05]} h4 {[%clk 00:24:13]} {[%emt 00:03:11]} 47. Kg2 {[%clk 01:06:59]}
{[%emt 00:00:17]} h3+ {[%clk 00:22:38]} {[%emt 00:02:05]} 48. Kh2 {[%clk
01:06:35]} {[%emt 00:00:53]} Kd6 {[%clk 00:22:52]} {[%emt 00:00:17]} *

[Event "DVM U16w 2023"]
[Site "Magdeburg GER"]
[Date "2023.12.28"]
[Round "3"]
[White "Borck, Elena"]
[Black "Piffczyk, Claudia"]
[Result "1-0"]
[Termination "normal"]
[Board "7.4"]
[WhiteElo "1022"]
[BlackElo "911"]
[WhiteClock "01:20:15"]
[BlackClock "01:21:45"]
[WhiteTeam "TuRa Harksheide 1945 Norderstedt"]
[BlackTeam "SC Garching 1980 2"]
[PlyCount "101"]
[WhiteFideId "16275446"]
[BlackFideId "34639829"]
[EventCountry "GER"]
[EventRounds "7"]
[EventType "team-swiss"]
[EventDate "2023.12.26"]

1. d4 {[%clk 01:30:57]} {[%emt 00:00:02]} d5 {[%clk 01:30:54]} {[%emt
00:00:05]} 2. c4 {[%clk 01:31:12]} {[%emt 00:00:16]} Nf6 {[%clk 01:30:09]}
{[%emt 00:01:15]} 3. Nc3 {[%clk 01:31:11]} {[%emt 00:00:30]} Be6 {[%clk
01:28:12]} {[%emt 00:02:27]} 4. e3 {[%clk 01:29:55]} {[%emt 00:01:47]} g6
{[%clk 01:25:47]} {[%emt 00:02:56]} 5. Nf3 {[%clk 01:29:43]} {[%emt 00:00:42]}
Bg7 {[%clk 01:24:05]} {[%emt 00:02:11]} 6. Bd3 {[%clk 01:29:12]} {[%emt
00:01:01]} O-O {[%clk 01:22:00]} {[%emt 00:02:35]} 7. b3 {[%clk 01:28:40]}
{[%emt 00:01:01]} Nc6 {[%clk 01:20:30]} {[%emt 00:02:01]} 8. O-O {[%clk
01:27:06]} {[%emt 00:02:04]} Qd7 {[%clk 01:19:30]} {[%emt 00:01:29]} 9. Bb2
{[%clk 01:26:21]} {[%emt 00:01:16]} Bh3 {[%clk 01:18:45]} {[%emt 00:01:14]} 10.
gxh3 {[%clk 01:25:24]} {[%emt 00:01:27]} Qxh3 {[%clk 01:18:58]} {[%emt
00:00:18]} 11. cxd5 {[%clk 01:23:50]} {[%emt 00:02:03]} Ng4 {[%clk 01:19:06]}
{[%emt 00:00:21]} 12. dxc6 {[%clk 01:23:46]} {[%emt 00:00:35]} bxc6 {[%clk
01:19:24]} {[%emt 00:00:12]} 13. Be4 {[%clk 01:22:34]} {[%emt 00:01:42]} Bf6
{[%clk 01:19:15]} {[%emt 00:00:40]} 14. Bxc6 {[%clk 01:22:13]} {[%emt
00:00:50]} Rad8 {[%clk 01:19:31]} {[%emt 00:00:15]} 15. Nd5 {[%clk 01:21:49]}
{[%emt 00:00:54]} Bh4 {[%clk 01:19:25]} {[%emt 00:00:35]} 16. Nf4 {[%clk
01:20:22]} {[%emt 00:01:59]} Nxf2 {[%clk 01:15:24]} {[%emt 00:04:30]} 17. Nxh3
{[%clk 01:19:51]} {[%emt 00:01:01]} Nxd1 {[%clk 01:15:45]} {[%emt 00:00:10]}
18. Rfxd1 {[%clk 01:20:17]} {[%emt 00:00:05]} Rd6 {[%clk 01:15:46]} {[%emt
00:00:27]} 19. Nxh4 {[%clk 01:20:21]} {[%emt 00:00:27]} Rxc6 {[%clk 01:16:09]}
{[%emt 00:00:06]} 20. Rac1 {[%clk 01:20:27]} {[%emt 00:00:25]} Re6 {[%clk
01:16:25]} {[%emt 00:00:14]} 21. Rxc7 {[%clk 01:20:20]} {[%emt 00:00:37]} Rxe3
{[%clk 01:16:43]} {[%emt 00:00:12]} 22. Nf4 {[%clk 01:20:22]} {[%emt 00:00:28]}
Re4 {[%clk 01:17:02]} {[%emt 00:00:10]} 23. Rf1 {[%clk 01:20:07]} {[%emt
00:00:46]} g5 {[%clk 01:17:19]} {[%emt 00:00:13]} 24. Rf2 {[%clk 01:19:16]}
{[%emt 00:01:20]} gxf4 {[%clk 01:17:21]} {[%emt 00:00:28]} 25. Rg2+ {[%clk
01:19:36]} {[%emt 00:00:11]} Kh8 {[%clk 01:17:43]} {[%emt 00:00:07]} 26. d5+
{[%clk 01:20:00]} {[%emt 00:00:06]} f6 {[%clk 00:00:00]} {[%emt 00:01:35]} 27.
Rxa7 {[%clk 01:20:02]} {[%emt 00:00:50]} Rg8 {[%clk 01:18:02]} {[%emt
00:00:22]} 28. Rxg8+ {[%clk 01:20:16]} {[%emt 00:00:16]} Kxg8 {[%clk 01:18:24]}
{[%emt 00:00:07]} 29. Ra8+ {[%clk 01:20:33]} {[%emt 00:00:13]} Kf7 {[%clk
01:18:16]} {[%emt 00:00:37]} 30. d6 {[%clk 01:19:59]} {[%emt 00:01:05]} exd6
{[%clk 01:17:47]} {[%emt 00:00:58]} 31. Nf5 {[%clk 01:20:18]} {[%emt 00:00:11]}
Ke6 {[%clk 01:17:23]} {[%emt 00:00:55]} 32. Nd4+ {[%clk 01:18:53]} {[%emt
00:01:55]} Ke5 {[%clk 01:17:24]} {[%emt 00:00:28]} 33. Re8+ {[%clk 01:18:54]}
{[%emt 00:00:30]} Kd5 {[%clk 01:17:40]} {[%emt 00:00:14]} 34. Rxe4 {[%clk
01:19:10]} {[%emt 00:00:14]} Kxe4 {[%clk 01:18:04]} {[%emt 00:00:05]} 35. Kf2
{[%clk 01:19:11]} {[%emt 00:00:30]} d5 {[%clk 01:18:17]} {[%emt 00:00:17]} 36.
a4 {[%clk 01:19:33]} {[%emt 00:00:08]} Ke5 {[%clk 01:17:57]} {[%emt 00:00:49]}
37. b4 {[%clk 01:19:43]} {[%emt 00:00:21]} Kd6 {[%clk 01:18:19]} {[%emt
00:00:07]} 38. a5 {[%clk 01:19:49]} {[%emt 00:00:25]} Kc7 {[%clk 01:18:40]}
{[%emt 00:00:07]} 39. Ne6+ {[%clk 01:18:57]} {[%emt 00:01:23]} Kc6 {[%clk
01:18:54]} {[%emt 00:00:15]} 40. Bd4 {[%clk 01:18:11]} {[%emt 00:01:17]} Kb5
{[%clk 01:19:13]} {[%emt 00:00:10]} 41. Nc7+ {[%clk 01:18:09]} {[%emt
00:00:33]} Kxb4 {[%clk 01:19:34]} {[%emt 00:00:10]} 42. a6 {[%clk 01:18:32]}
{[%emt 00:00:07]} Kc4 {[%clk 01:19:37]} {[%emt 00:00:26]} 43. a7 {[%clk
01:18:53]} {[%emt 00:00:10]} Kxd4 {[%clk 01:20:01]} {[%emt 00:00:05]} 44. a8=Q
{[%emt 00:00:07]} Kc4 {[%clk 01:19:53]} {[%emt 00:00:35]} 45. Qxd5+ {[%clk
01:19:26]} {[%emt 00:00:24]} Kc3 {[%clk 01:20:11]} {[%emt 00:00:10]} 46. Ke2
{[%clk 01:18:48]} {[%emt 00:01:10]} f3+ {[%clk 01:20:30]} {[%emt 00:00:10]} 47.
Kxf3 {[%clk 01:19:03]} {[%emt 00:00:15]} h5 {[%clk 01:20:48]} {[%emt 00:00:12]}
48. Ke3 {[%clk 01:19:27]} {[%emt 00:00:06]} f5 {[%clk 01:21:06]} {[%emt
00:00:11]} 49. Qd4+ {[%clk 01:19:43]} {[%emt 00:00:15]} Kc2 {[%clk 01:21:28]}
{[%emt 00:00:08]} 50. Qd3+ {[%clk 01:19:58]} {[%emt 00:00:16]} Kb2 {[%clk
01:21:45]} {[%emt 00:00:13]} 51. Kd2 {[%clk 01:20:15]} {[%emt 00:00:12]} 1-0